000 01214nam a2200241Ia 4500
999 _c52545
_d52545
001 19569
003 GE_BSU
005 20200305134904.0
008 181216s1988||||ge |||||||||||||| ||geo||
040 _cGE_BSU
041 _ageo
080 _a81(479.22)(092) ა-40
245 _aაკადემიკოსი ნიკო მარი-120 :
_bაკად. ნ. მარის დაბადების 120 წლისთავისადმი მიძღვნილი საიუბ. სესიის მასალები /
_cრედ. შოთა ძიძიგური
264 _aთბილისი :
_bმეცნიერება,
_c1988.
300 _a160 გვ. ;
_c18 სმ.
500 _aზოგიერთი მასალა რუსულ ენაზე
541 _h3ლ.
653 _aმარი ნიკო
653 _aქართველი ენათმეცნიერები
700 _aძიძიგური, შოთა
_eრედაქტორი
_97695
710 _aსაქ. სსრ მეცნ. აკად. ენისა და ლიტერატურის განყ-ბა
_97696
942 _cBK
_2udc